[Event "SR 1. liga zapad 2014/2015"]
[Site "?"]
[Date "2015.03.01"]
[Round "9.3"]
[White "Kimerling, Martin"]
[Black "Lakatos, Vladimir"]
[Result "1-0"]
[WhiteElo "2157"]
[BlackElo "2121"]
[PlyCount "149"]
[EventDate "2014.??.??"]

1. d4 Nf6 2. c4 c5 3. d5 b5 4. cxb5 a6 5. f3 d6 6. e4 axb5 7. Na3 b4 8. Nc4
Nbd7 9. Bd2 g6 10. a3 bxa3 11. Rxa3 Rxa3 12. bxa3 Qc7 13. Ne2 Bg7 14. Nc3 O-O
15. Be2 Nb6 16. Nb5 Qb8 17. Na5 Bd7 18. a4 Ne8 19. O-O Nc7 20. Nc6 Bxc6 21.
dxc6 Nxb5 22. axb5 Bd4+ 23. Kh1 Qa7 24. Qb3 Ra8 25. Bc4 e6 26. Rb1 Kf8 27. f4
Qe7 28. f5 gxf5 29. Bh6+ Bg7 30. Bxg7+ Kxg7 31. exf5 d5 32. Qg3+ Kh8 33. Bd3 e5
34. f6 Qxf6 35. Rf1 Qg7 36. Qh3 e4 37. Be2 d4 38. Bg4 d3 39. c7 Ra1 40. Bd1 Qg5
41. c8=Q+ Nxc8 42. Qxc8+ Kg7 43. Qc7 Qd5 44. b6 Rb1 45. h3 c4 46. Be2 Rb2 47.
Bh5 Qxh5 48. b7 d2 49. Qg3+ Kh6 50. Rf6+ Qg6 51. Rxg6+ hxg6 52. Qf4+ g5 53.
Qd6+ Kh7 54. b8=Q Rxb8 55. Qxd2 Rb1+ 56. Kh2 Kg6 57. Qc2 Rf1 58. Qxe4+ f5 59.
Qxc4 Rf4 60. Qe6+ Kh5 61. Qf7+ Kh6 62. Qf6+ Kh5 63. Qg7 g4 64. Qh7+ Kg5 65. h4+
Kf6 66. h5 Rf1 67. Qg6+ Ke5 68. h6 Kf4 69. g3+ Ke3 70. Qe6+ Kd2 71. h7 Rf2+ 72.
Kg1 Rf3 73. h8=Q Rxg3+ 74. Kf2 Rf3+ 75. Kg2 1-0

[Event "SR 1. liga zapad 2014/2015"]
[Site "?"]
[Date "2015.03.01"]
[Round "9.3"]
[White "Detko, Jan"]
[Black "Karas, Marek"]
[Result "1-0"]
[WhiteElo "2165"]
[BlackElo "2170"]
[PlyCount "61"]
[EventDate "2014.??.??"]

1. e4 e6 2. d4 d5 3. e5 c5 4. c3 Nc6 5. Be3 Nge7 6. Nf3 Nf5 7. Bd3 cxd4 8. cxd4
Qb6 9. Qd2 Be7 10. Nc3 Nxe3 11. fxe3 Bd7 12. O-O O-O-O 13. a3 Kb8 14. b4 Rdf8
15. Rfb1 Qc7 16. Nb5 Qd8 17. a4 f6 18. Nxa7 Nxa7 19. b5 fxe5 20. Nxe5 Bd6 21.
a5 Bxe5 22. dxe5 Rf7 23. b6 Nc8 24. a6 Bc6 25. Bb5 Bxb5 26. Rxb5 Qd7 27. Qb4
Rhf8 28. Rc5 Qe7 29. Rac1 Qg5 30. Rxc8+ Rxc8 31. a7+ 1-0

[Event "SR 1. liga zapad 2014/2015"]
[Site "?"]
[Date "2015.03.01"]
[Round "9.3"]
[White "Spacek, Oliver"]
[Black "Gunis, Juraj"]
[Result "1-0"]
[WhiteElo "2011"]
[BlackElo "2034"]
[PlyCount "79"]
[EventDate "2014.??.??"]

1. Nf3 Nf6 2. d4 g6 3. c4 Bg7 4. Nc3 O-O 5. e4 d6 6. h3 e5 7. d5 a5 8. Bd3 Nh5
9. Be3 Nf4 10. Bf1 Na6 11. g3 Nh5 12. Bg2 Qe8 13. Nh4 f5 14. exf5 gxf5 15. Bf3
Nf6 16. Kf1 Kh8 17. Qd2 Qf7 18. Re1 Nc5 19. Bxc5 dxc5 20. Rxe5 Ne4 21. Nxe4
Bxe5 22. Nxc5 Qg7 23. Nd3 Bf6 24. Ng2 Bg5 25. Ngf4 Ra6 26. h4 Bh6 27. Kg2 Re8
28. Re1 Re7 29. b3 Ra8 30. Rxe7 Qxe7 31. Ng6+ hxg6 32. Qxh6+ Qh7 33. Qf8+ Qg8
34. Qh6+ Qh7 35. Qf8+ Qg8 36. Qf6+ Qg7 37. Qd8+ Kh7 38. Nc5 Qe5 39. Nd7 Qd6 40.
Nf6+ 1-0

[Event "SR 1. liga zapad 2014/2015"]
[Site "?"]
[Date "2015.03.01"]
[Round "9.3"]
[White "Reisel, Frantisek"]
[Black "Gasa, Patrik"]
[Result "1-0"]
[WhiteElo "1992"]
[BlackElo "2074"]
[PlyCount "133"]
[EventDate "2014.??.??"]

1. d4 Nf6 2. c4 e6 3. Nf3 d5 4. Nc3 Be7 5. Bf4 a6 6. e3 O-O 7. a3 Nbd7 8. Rc1
dxc4 9. Bxc4 c5 10. dxc5 Nxc5 11. O-O b5 12. Be2 Bb7 13. b4 Nce4 14. Nxe4 Bxe4
15. Ne5 Rc8 16. f3 Bb7 17. Qxd8 Rfxd8 18. e4 Ne8 19. Nd3 f6 20. Be3 e5 21. Bb6
Rxc1 22. Rxc1 Rc8 23. Bc5 Nd6 24. Bd1 Kf7 25. Bb3+ Ke8 26. Kf2 Kd7 27. Nb2 Bc6
28. Nd1 Nb7 29. Be3 a5 30. Bd2 axb4 31. Bxb4 Bxb4 32. axb4 Nd8 33. Ne3 Nb7 34.
Nf5 g6 35. Rd1+ Ke8 36. Nd6+ Nxd6 37. Rxd6 Bd7 38. Rxf6 Rc3 39. Bg8 Rc2+ 40.
Kg3 Rb2 41. Bxh7 Rxb4 42. Bxg6+ Ke7 43. Rb6 Rb1 44. Bf5 Be8 45. Re6+ Kf8 46.
Rxe5 b4 47. Rc5 b3 48. e5 Re1 49. Kf2 Rd1 50. Rc8 Ke7 51. Rb8 Rd2+ 52. Kg3 b2
53. h4 Re2 54. f4 Bc6 55. Rb4 Rxg2+ 56. Kh3 Re2 57. h5 Be4 58. Bxe4 Rxe4 59.
Rxb2 Rxf4 60. Re2 Ke6 61. h6 Rd4 62. Kg3 Rd3+ 63. Kg4 Rd1 64. Re3 Rg1+ 65. Rg3
Rf1 66. h7 Rf8 67. Kg5 1-0

[Event "SR 1. liga zapad 2014/2015"]
[Site "?"]
[Date "2015.03.01"]
[Round "9.3"]
[White "Jablonicky, Martin"]
[Black "Sobota, Michal"]
[Result "1-0"]
[WhiteElo "1949"]
[BlackElo "1403"]
[PlyCount "59"]
[EventDate "2014.??.??"]

1. b3 c5 2. Bb2 Nc6 3. f4 e6 4. e4 Nf6 5. e5 Nd5 6. g3 Nxf4 7. gxf4 Qh4+ 8. Ke2
Qxf4 9. Nf3 g5 10. Bg2 g4 11. Ne1 Bg7 12. Nd3 Qg5 13. Bxc6 bxc6 14. Qg1 Ba6 15.
c4 d6 16. Qe3 Qh5 17. exd6 Bxb2 18. d7+ Kxd7 19. Nxb2 g3+ 20. Kd3 g2 21. Rg1
Qxh2 22. Nc3 f5 23. Nba4 Qd6+ 24. Kc2 f4 25. Qf3 Rhg8 26. Rxg2 Rg3 27. Rxg3
fxg3 28. Ne4 Qd4 29. Naxc5+ Ke7 30. Rf1 1-0

[Event "SR 1. liga zapad 2014/2015"]
[Site "?"]
[Date "2015.03.01"]
[Round "9.4"]
[White "Gruca, Miroslav"]
[Black "Lanc, Alois"]
[Result "0-1"]
[WhiteElo "2220"]
[BlackElo "2344"]
[PlyCount "80"]
[EventDate "2014.??.??"]

1. e4 c5 2. Nc3 Nc6 3. f4 e6 4. Nf3 Nge7 5. e5 Nf5 6. g3 b6 7. Bg2 Bb7 8. d3 h5
9. O-O Be7 10. Ne4 Qc7 11. Bd2 f6 12. Re1 O-O-O 13. Nf2 Rdf8 14. a4 fxe5 15.
fxe5 Nfd4 16. Bc3 h4 17. Bxd4 cxd4 18. a5 hxg3 19. hxg3 bxa5 20. c3 Qb6 21. c4
g5 22. Ng4 Rf5 23. Nd2 Bb4 24. Be4 Bxd2 25. Qxd2 Nxe5 26. Nxe5 Rxe5 27. Bxb7+
Qxb7 28. Qg2 Qxg2+ 29. Kxg2 Rxe1 30. Rxe1 Kc7 31. Re5 Rb8 32. Rc5+ Kd6 33. Rxa5
g4 34. Ra6+ Ke7 35. Ra2 Rb3 36. Kf2 Rxd3 37. b4 Rb3 38. b5 Rb4 39. Rc2 e5 40.
Re2 Ke6 0-1

[Event "SR 1. liga zapad 2014/2015"]
[Site "?"]
[Date "2015.03.01"]
[Round "9.4"]
[White "Vass, Frantisek"]
[Black "Pytlik, Pavol"]
[Result "1/2-1/2"]
[WhiteElo "2280"]
[BlackElo "2027"]
[PlyCount "52"]
[EventDate "2014.??.??"]

1. d4 g6 2. c4 Nf6 3. Nc3 Bg7 4. e4 d6 5. Nf3 O-O 6. Be2 e5 7. d5 a5 8. h4 Nh5
9. g3 Bg4 10. Ng5 Bxe2 11. Qxe2 Qd7 12. Nh3 Nf6 13. Bd2 c6 14. f3 cxd5 15. cxd5
Na6 16. g4 Rfc8 17. h5 Nb4 18. Rc1 Kf8 19. Kf2 Ke7 20. h6 Bh8 21. Ng5 Rf8 22.
a3 Na6 23. Qb5 Nc5 24. Kg3 Ncxe4+ 25. Kg2 Qxb5 26. Nxb5 Nxd2 1/2-1/2

[Event "SR 1. liga zapad 2014/2015"]
[Site "?"]
[Date "2015.03.01"]
[Round "9.4"]
[White "Blazek, Milos"]
[Black "Banas, Jan"]
[Result "0-1"]
[WhiteElo "2035"]
[BlackElo "2273"]
[PlyCount "80"]
[EventDate "2014.??.??"]

1. e4 c5 2. Nf3 Nc6 3. d4 cxd4 4. Nxd4 Nf6 5. Nc3 d6 6. Be2 g6 7. Be3 Bg7 8. f3
O-O 9. Qd2 d5 10. O-O-O Nxd4 11. Bxd4 dxe4 12. Nxe4 Nxe4 13. fxe4 Be6 14. Bxg7
Qxd2+ 15. Rxd2 Kxg7 16. e5 Rac8 17. Bf3 Rc5 18. Re1 Bxa2 19. Rd7 Rfc8 20. c3
R8c7 21. Red1 Be6 22. Rxc7 Rxc7 23. Rd8 b6 24. Bd5 Bxd5 25. Rxd5 e6 26. Rd3 h5
27. Kd2 Rc5 28. Re3 a5 29. h4 a4 30. Re4 b5 31. c4 bxc4 32. Kc3 Rb5 33. Rxc4
Rb3+ 34. Kc2 Rg3 35. Rxa4 Rxg2+ 36. Kc3 Rg4 37. Rxg4 hxg4 38. Kd4 f5 39. exf6+
Kxf6 40. Ke3 e5 0-1

[Event "SR 1. liga zapad 2014/2015"]
[Site "?"]
[Date "2015.03.01"]
[Round "9.4"]
[White "Felcir, Jaroslav"]
[Black "Halak, Matej"]
[Result "1-0"]
[WhiteElo "2169"]
[BlackElo "1929"]
[PlyCount "95"]
[EventDate "2014.??.??"]

1. e4 e5 2. Nf3 Nf6 3. Nc3 Nc6 4. d4 exd4 5. Nxd4 Nxd4 6. Qxd4 d6 7. Bc4 Be7 8.
h3 O-O 9. O-O a6 10. a4 Re8 11. Bd2 Bd7 12. Rad1 Qc8 13. Kh2 Nh5 14. Nd5 Nf6
15. Nxe7+ Rxe7 16. f3 h6 17. Bxh6 Be6 18. Bg5 Bxc4 19. Bxf6 Bxf1 20. Bxe7 Qe6
21. Bh4 Be2 22. Re1 Bc4 23. b3 Qh6 24. e5 Be6 25. exd6 cxd6 26. c4 b5 27. axb5
axb5 28. cxb5 Rb8 29. b6 Bxb3 30. Bg3 Qf6 31. Qd3 Ba4 32. Rb1 Bc6 33. Qxd6 Qxd6
34. Bxd6 Rb7 35. Bc7 Kf8 36. Re1 f6 37. Re6 Bd5 38. Rd6 Bc4 39. Kg3 Ke7 40. Kf4
Be6 41. Rd8 g6 42. h4 Bc4 43. Ke4 Ke6 44. g4 Bb5 45. Kd4 f5 46. Kc5 Bd7 47.
gxf5+ gxf5 48. h5 1-0

[Event "SR 1. liga zapad 2014/2015"]
[Site "?"]
[Date "2015.03.01"]
[Round "9.4"]
[White "Masarik, Drahoslav"]
[Black "Szitkey, Milan"]
[Result "1-0"]
[WhiteElo "2022"]
[BlackElo "2151"]
[PlyCount "69"]
[EventDate "2014.??.??"]

1. Nf3 Nf6 2. c4 g6 3. Nc3 d5 4. d4 Bg7 5. cxd5 Nxd5 6. e4 Nxc3 7. bxc3 O-O 8.
Be2 b6 9. O-O Bb7 10. Qc2 Nd7 11. Rd1 Rc8 12. Be3 Nf6 13. Nd2 Qd7 14. f3 c5 15.
dxc5 bxc5 16. Nc4 Qc7 17. Rab1 Nd7 18. Qa4 Bc6 19. Qa3 f5 20. exf5 Rxf5 21. Bf2
Rd5 22. Bg3 e5 23. Na5 Rxd1+ 24. Rxd1 Ba8 25. Qb3+ Kf8 26. Qe6 Nb6 27. Nc4 Re8
28. Qh3 Nd5 29. Qxh7 Nxc3 30. Rd2 Nxe2+ 31. Rxe2 Qd7 32. Rd2 Qf5 33. h3 Qb1+
34. Kh2 Bc6 35. Rd6 1-0

[Event "SR 1. liga zapad 2014/2015"]
[Site "?"]
[Date "2015.03.01"]
[Round "9.4"]
[White "Kavon, Rastislav"]
[Black "Mrazik, Vladislav"]
[Result "1-0"]
[WhiteElo "2153"]
[BlackElo "1826"]
[PlyCount "111"]
[EventDate "2014.??.??"]

1. e4 e6 2. d4 d5 3. Nc3 dxe4 4. Nxe4 Bd7 5. Nf3 Bc6 6. Bd3 Nd7 7. Be3 Ngf6 8.
Ned2 Be7 9. O-O O-O 10. c4 b6 11. Qc2 Bb7 12. Ng5 h6 13. Nge4 Nxe4 14. Bxe4
Bxe4 15. Nxe4 f5 16. Nc3 c5 17. d5 exd5 18. Nxd5 Bg5 19. Bxg5 Qxg5 20. Nc7 f4
21. f3 Rac8 22. Ne6 Qf5 23. Qxf5 Rxf5 24. Rfe1 Ne5 25. Re4 g5 26. Rd1 Kf7 27.
Nd8+ Ke7 28. Nb7 Rc6 29. Rd5 Re6 30. h3 a5 31. Kf2 a4 32. b3 axb3 33. axb3 h5
34. Nd8 Rd6 35. Rexe5+ Rxe5 36. Rxe5+ Kxd8 37. Rxg5 Rd2+ 38. Ke1 Rb2 39. Rxh5
Rxg2 40. Rf5 Rg3 41. Rxf4 Rxh3 42. Kd2 Rh2+ 43. Kc3 Ke7 44. Rf5 Rf2 45. Rf4 Ke6
46. Rf8 Ke7 47. Rf5 Ke6 48. Rf4 Ke5 49. Rf8 Rf1 50. Re8+ Kd6 51. Re3 Rf2 52.
Kd3 Rb2 53. Ke4 Ke6 54. f4 Rf2 55. Rh3 Re2+ 56. Kf3 1-0

[Event "SR 1. liga zapad 2014/2015"]
[Site "?"]
[Date "2015.03.01"]
[Round "9.4"]
[White "Sopko, Rudolf"]
[Black "Liptak, Tomas"]
[Result "0-1"]
[WhiteElo "1839"]
[BlackElo "2168"]
[PlyCount "128"]
[EventDate "2014.??.??"]

1. e4 c5 2. Nf3 a6 3. c3 d6 4. Bc4 Qc7 5. d3 b5 6. Bb3 Nf6 7. O-O g6 8. Qe2 Nc6
9. Bg5 Bg7 10. Nbd2 h6 11. Bxf6 Bxf6 12. Rfe1 e5 13. Bd5 Rb8 14. Nf1 O-O 15. a3
Kh7 16. b4 Bg7 17. h3 f5 18. exf5 Bxf5 19. Ng3 Ne7 20. Nxf5 Nxd5 21. Nxg7 Kxg7
22. bxc5 Qxc5 23. d4 Qxc3 24. dxe5 Rbe8 25. Rec1 Nf4 26. Qd1 Qd3 27. Rc7+ Rf7
28. Qxd3 Nxd3 29. exd6 Rxc7 30. dxc7 Rc8 31. Rd1 Nc5 32. Rc1 Rxc7 33. Nd4 Kf6
34. f4 Ne6 35. Rxc7 Nxc7 36. Kf2 Nd5 37. g3 Nb6 38. Ke2 Nc4 39. Nc2 Ke6 40. Kd3
Kd6 41. Kd4 Nd2 42. g4 g5 43. f5 Nf3+ 44. Ke3 Ng1 45. Nb4 a5 46. Nd3 Nxh3 47.
Ke4 Nf4 48. Ne5 a4 49. Nf7+ Ke7 50. Ne5 Kd6 51. Nf7+ Kc5 52. Ne5 b4 53. f6 b3
54. f7 Ne6 55. Kd3 Nf8 56. Nc4 Nd7 57. Kc3 h5 58. gxh5 Nf8 59. h6 g4 60. Ne5 g3
61. Ng6 Nh7 62. f8=Q+ Nxf8 63. Nxf8 g2 64. h7 g1=Q 0-1

[Event "SR 1. liga zapad 2014/2015"]
[Site "?"]
[Date "2015.03.01"]
[Round "9.4"]
[White "Bango, Lukas"]
[Black "Kuric, Michal"]
[Result "1-0"]
[WhiteElo "1917"]
[BlackElo "1772"]
[PlyCount "60"]
[EventDate "2014.??.??"]

1. c4 Nf6 2. Nf3 g6 3. g3 Bg7 4. Bg2 O-O 5. O-O d6 6. d4 Nbd7 7. Nc3 e5 8. dxe5
Nxe5 9. Nxe5 dxe5 10. Qc2 c6 11. b3 Re8 12. Rd1 Qc7 13. Ba3 Bf8 14. Bxf8 Kxf8
15. Qb2 Be6 16. Rac1 a6 17. Nd5 cxd5 18. cxd5 Qb6 19. dxe6 Rxe6 20. Rc4 Qa7 21.
Qc3 Rae8 22. Rc7 R6e7 23. Rxe7 Rxe7 24. Qb4 b5 25. Rd8+ Kg7 26. Ra8 Qc7 27.
Rxa6 Rd7 28. h3 Rd1+ 29. Kh2 h5 30. Ra8 Kh7 1-0

[Event "SR 1. liga zapad 2014/2015"]
[Site "?"]
[Date "2015.03.01"]
[Round "9.5"]
[White "Sosovicka, Juraj"]
[Black "Borosova, Zuzana"]
[Result "1/2-1/2"]
[WhiteElo "2215"]
[BlackElo "2263"]
[PlyCount "38"]
[EventDate "2014.??.??"]

1. b3 d5 2. Bb2 Nd7 3. Nf3 Ngf6 4. e3 e6 5. Be2 Be7 6. O-O O-O 7. c4 c6 8. d4
b6 9. Nc3 Bb7 10. Rc1 Rc8 11. Qd3 c5 12. cxd5 Nxd5 13. Nxd5 Bxd5 14. Rfd1 cxd4
15. Qxd4 Bf6 16. Qd2 Bxb2 17. Qxb2 Qe7 18. Nd4 h6 19. Bf3 Bxf3 1/2-1/2

[Event "SR 1. liga zapad 2014/2015"]
[Site "?"]
[Date "2015.03.01"]
[Round "9.5"]
[White "Kukel, Imre"]
[Black "Ruckschloss, Karol"]
[Result "0-1"]
[WhiteElo "2279"]
[BlackElo "2207"]
[PlyCount "74"]
[EventDate "2014.??.??"]

1. e4 e6 2. d4 d5 3. Nc3 Nf6 4. e5 Nfd7 5. f4 c5 6. Nf3 Nc6 7. Be3 a6 8. Ne2 b5
9. c3 c4 10. g4 Nb6 11. Ng3 b4 12. Bh3 Be7 13. O-O Kd7 14. f5 Kc7 15. cxb4 Nxb4
16. a3 Nc6 17. Qc2 Na5 18. Nd2 Bg5 19. Qc3 Nc6 20. b3 cxb3 21. Qxb3 Rb8 22. Qd3
Nc4 23. Bxg5 Qxg5 24. Nxc4 dxc4 25. Qe4 Rd8 26. Bg2 Rb6 27. Rfd1 Bb7 28. Qe2
Qf4 29. Nh5 Qg5 30. fxe6 fxe6 31. h4 Qxh4 32. Nxg7 Nxd4 33. Qxc4+ Rc6 34. Rxd4
Rxc4 35. Rxc4+ Kb6 36. Rb1+ Ka5 37. Nxe6 Rd2 0-1

[Event "SR 1. liga zapad 2014/2015"]
[Site "?"]
[Date "2015.03.01"]
[Round "9.5"]
[White "Dolnak, Michal"]
[Black "Janko, Zoltan"]
[Result "0-1"]
[WhiteElo "2187"]
[BlackElo "2255"]
[PlyCount "78"]
[EventDate "2014.??.??"]

1. d4 Nf6 2. c4 c5 3. d5 b5 4. cxb5 a6 5. b6 d6 6. Nc3 Qxb6 7. e4 g6 8. Nf3 Bg7
9. Nd2 Qc7 10. Be2 O-O 11. O-O Nbd7 12. a4 a5 13. Ra3 Ba6 14. Nb5 Bxb5 15. Bxb5
Nb6 16. Qe2 Nfd7 17. Rh3 c4 18. f4 Rab8 19. Nf3 Nc5 20. Qc2 Nd3 21. Ng5 Nxc1
22. Rxc1 h6 23. Nf3 Qc5+ 24. Kh1 Qb4 25. Rb1 Rfc8 26. Nd2 Qc5 27. Rf3 Rc7 28.
Rff1 Qd4 29. Rfc1 Qe3 30. Nxc4 Nxc4 31. Bxc4 Bxb2 32. Rxb2 Rxb2 33. Qxb2 Rxc4
34. Ra1 Rxe4 35. h3 Qxf4 36. Rc1 f6 37. Rd1 Rxa4 38. Qb8+ Kg7 39. Qe8 Re4 0-1

[Event "SR 1. liga zapad 2014/2015"]
[Site "?"]
[Date "2015.03.01"]
[Round "9.5"]
[White "Pallag, Gergely"]
[Black "Kovac, Andrej"]
[Result "1/2-1/2"]
[WhiteElo "2101"]
[BlackElo "2165"]
[PlyCount "76"]
[EventDate "2014.??.??"]

1. d4 Nf6 2. Bg5 e6 3. Nd2 d5 4. e3 Be7 5. Bd3 O-O 6. Ngf3 b6 7. Ne5 Bb7 8. Qf3
Nbd7 9. h4 c5 10. c3 Qc7 11. Nxd7 Qxd7 12. Bxf6 Bxf6 13. Qh5 g6 14. Qg4 Rad8
15. f4 cxd4 16. exd4 h5 17. Qg3 Qc8 18. Nf3 Ba6 19. Ne5 Bxd3 20. Qxd3 Kg7 21.
O-O-O Bxe5 22. fxe5 Qc4 23. Qxc4 dxc4 24. Rhf1 Rd5 25. Rf6 Rfd8 26. Rdf1 R8d7
27. R1f3 b5 28. a3 a5 29. Kc2 b4 30. axb4 axb4 31. cxb4 Rxd4 32. g3 Re4 33. Kc3
Rxe5 34. Kxc4 Re4+ 35. Kc5 Rd5+ 36. Kc6 Rc4+ 37. Kb6 Rxb4+ 38. Kc6 Rc4+ 1/2-1/2

[Event "SR 1. liga zapad 2014/2015"]
[Site "?"]
[Date "2015.03.01"]
[Round "9.5"]
[White "Hacik, Radomir"]
[Black "Molnar, Erno"]
[Result "1-0"]
[WhiteElo "2143"]
[BlackElo "2027"]
[PlyCount "61"]
[EventDate "2014.??.??"]

1. e4 c5 2. Nf3 Nc6 3. d4 cxd4 4. Nxd4 Nf6 5. Nc3 e5 6. Nxc6 bxc6 7. Bc4 Bb4 8.
O-O O-O 9. Bg5 Bb7 10. Bxf6 gxf6 11. Qh5 Qe7 12. Rad1 d6 13. Rd3 Bc8 14. Ne2
Be6 15. Ng3 Kg7 16. Nf5+ Bxf5 17. exf5 Rh8 18. Rg3+ Kf8 19. Qg4 Ke8 20. Bxf7+
Qxf7 21. Qxb4 Rd8 22. Rd1 d5 23. Qc5 Qd7 24. Ra3 Ra8 25. Ra6 Qxf5 26. Qxc6+ Kf7
27. Qxd5+ Kg6 28. Qd7 Qe4 29. h4 Rhd8 30. Rxf6+ Kxf6 31. Rd6# 1-0

[Event "SR 1. liga zapad 2014/2015"]
[Site "?"]
[Date "2015.03.01"]
[Round "9.5"]
[White "Goth, Gabriel"]
[Black "Travenec, Igor"]
[Result "1/2-1/2"]
[WhiteElo "2057"]
[BlackElo "2221"]
[PlyCount "78"]
[EventDate "2014.??.??"]

1. e4 e6 2. d4 d5 3. Nc3 Bb4 4. e5 c5 5. a3 Bxc3+ 6. bxc3 Qc7 7. Qg4 f5 8. exf6
Nxf6 9. Qg3 Qxg3 10. hxg3 O-O 11. Nf3 Nc6 12. Bb2 Bd7 13. c4 cxd4 14. cxd5 exd5
15. Bd3 Rae8+ 16. Kf1 Ne4 17. Bxe4 dxe4 18. Nxd4 Ne5 19. Bc1 Ng4 20. f3 exf3
21. gxf3 Bc6 22. Nxc6 bxc6 23. Bf4 Ne3+ 24. Kf2 Nxc2 25. Rac1 Nd4 26. Rhd1 Ne2
27. Rxc6 Nxf4 28. gxf4 Rxf4 29. Rc7 Rf7 30. Rdd7 Rxd7 31. Rxd7 a5 32. Rd5 Ra8
33. a4 Kf7 34. Kg3 Ke6 35. Rb5 Ra6 36. Kg4 h6 37. f4 Kf6 38. Rf5+ Ke7 39. Re5+
Kf7 1/2-1/2

[Event "SR 1. liga zapad 2014/2015"]
[Site "?"]
[Date "2015.03.01"]
[Round "9.5"]
[White "Kolcak, Marek"]
[Black "Berza, Stefan"]
[Result "0-1"]
[WhiteElo "2121"]
[BlackElo "2053"]
[PlyCount "68"]
[EventDate "2014.??.??"]

1. e4 c5 2. Nf3 Nc6 3. d4 cxd4 4. Nxd4 g6 5. Nc3 Bg7 6. Be3 Nf6 7. Nxc6 bxc6 8.
e5 Nd5 9. Nxd5 cxd5 10. Qxd5 Rb8 11. Bc4 O-O 12. O-O-O Qc7 13. Bb3 Bxe5 14.
Bxa7 Bxb2+ 15. Kxb2 Qxa7 16. h4 d6 17. h5 Be6 18. Qd4 Qxd4+ 19. Rxd4 Rfc8 20.
hxg6 hxg6 21. Rdh4 Kg7 22. f4 Bd5 23. Rh7+ Kf6 24. Rd1 e6 25. g4 Ke7 26. Rd4
Rc5 27. Ra4 Rb7 28. Ka3 Bc6 29. Rc4 Bd5 30. Rxc5 dxc5 31. c4 Bf3 32. g5 Rd7 33.
Bc2 Kd6 34. Ba4 Ra7 0-1

[Event "SR 1. liga zapad 2014/2015"]
[Site "?"]
[Date "2015.03.01"]
[Round "9.5"]
[White "Joba, Arpad"]
[Black "Sulek, Viliam"]
[Result "0-1"]
[WhiteElo "1887"]
[BlackElo "2043"]
[PlyCount "68"]
[EventDate "2014.??.??"]

1. e4 c6 2. d4 g6 3. f4 d5 4. e5 h5 5. Nf3 Bg4 6. h3 Bxf3 7. Qxf3 e6 8. Bd3 Nd7
9. O-O Nh6 10. c3 Qb6 11. Qe2 Be7 12. Nd2 Nf5 13. Bxf5 gxf5 14. Nf3 h4 15. Be3
O-O-O 16. a4 Rdg8 17. Ng5 Bxg5 18. fxg5 Nf8 19. b4 Nh7 20. b5 Nxg5 21. Bxg5
Rxg5 22. Rfb1 Rhg8 23. Ra2 Rxg2+ 24. Qxg2 Rxg2+ 25. Rxg2 c5 26. Rd1 Qa5 27. Rd3
Qxa4 28. Rg7 Qc2 29. Rf3 cxd4 30. cxd4 Qd1+ 31. Kg2 Qd2+ 32. Rf2 Qxd4 33. Rc2+
Kd8 34. Rg8+ Kd7 0-1

[Event "SR 1. liga zapad 2014/2015"]
[Site "?"]
[Date "2015.03.01"]
[Round "9.6"]
[White "Schwarz, Dusan"]
[Black "Farkas, Gabor"]
[Result "1-0"]
[WhiteElo "2339"]
[BlackElo "2346"]
[PlyCount "61"]
[EventDate "2014.??.??"]

1. d4 d5 2. c4 c6 3. Nf3 e6 4. Qc2 Nf6 5. Bg5 h6 6. Bxf6 Qxf6 7. Nc3 Nd7 8. e3
g6 9. Be2 Bg7 10. O-O O-O 11. Rad1 b6 12. Qa4 Bb7 13. cxd5 exd5 14. Nxd5 Qd6
15. Nc3 f5 16. Ba6 Bxa6 17. Qxa6 g5 18. d5 c5 19. Nb5 Qb8 20. d6 g4 21. Nh4 Qd8
22. Ng6 Rf6 23. Ne7+ Kh7 24. Nc7 Rxd6 25. Rxd6 Qxc7 26. Qd3 Ne5 27. Qxf5+ Kh8
28. Ng6+ Nxg6 29. Qxg6 c4 30. Rfd1 c3 31. bxc3 1-0

[Event "SR 1. liga zapad 2014/2015"]
[Site "?"]
[Date "2015.03.01"]
[Round "9.6"]
[White "Janko, Michal"]
[Black "Kuchynka, Lukas"]
[Result "1/2-1/2"]
[WhiteElo "2280"]
[BlackElo "2290"]
[PlyCount "84"]
[EventDate "2014.??.??"]

1. d4 Nf6 2. c4 Nc6 3. Nc3 e5 4. d5 Ne7 5. e4 Ng6 6. h4 Bb4 7. h5 Ne7 8. h6 g6
9. Qf3 Neg8 10. Bg5 Be7 11. Bd2 d6 12. Bd3 Ng4 13. Qe2 Bg5 14. f3 N4xh6 15. g3
Kf8 16. f4 exf4 17. Nf3 Bf6 18. gxf4 Ng4 19. O-O-O Qe7 20. Rde1 Bd7 21. e5 Bg7
22. e6 Be8 23. exf7 Bxf7 24. Qg2 Qd7 25. f5 N8f6 26. Ng5 Ne5 27. Bc2 Nxc4 28.
fxg6 hxg6 29. Ne6+ Bxe6 30. dxe6 Qe7 31. Rxh8+ Bxh8 32. Bg5 Ne5 33. Nd5 Qxe6
34. Bxf6 Bxf6 35. Rf1 Nd7 36. Nxc7 Qe3+ 37. Kb1 Qe5 38. Bb3 Rc8 39. Nd5 Re8 40.
Nf4 Qe4+ 41. Qxe4 Rxe4 42. Nxg6+ Ke8 1/2-1/2

[Event "SR 1. liga zapad 2014/2015"]
[Site "?"]
[Date "2015.03.01"]
[Round "9.6"]
[White "Federic, Jozef"]
[Black "Janko, Ladislav"]
[Result "1-0"]
[WhiteElo "2305"]
[BlackElo "2169"]
[PlyCount "79"]
[EventDate "2014.??.??"]

1. d4 g6 2. e4 c6 3. Nc3 d5 4. Nf3 Bg7 5. h3 Nh6 6. Bd3 dxe4 7. Nxe4 Nf5 8. c3
O-O 9. Bf4 Nd6 10. O-O Nxe4 11. Bxe4 Nd7 12. Qd2 Nf6 13. Bc2 Qa5 14. Rfe1 e6
15. Bd6 Rd8 16. Be7 Re8 17. Bb4 Qc7 18. Rad1 Bd7 19. Ne5 Rad8 20. c4 Bc8 21.
Qe3 Nd7 22. Ng4 Nf8 23. Qf3 f5 24. Ne5 Nd7 25. Nxd7 Rxd7 26. Bc3 Rdd8 27. Ba4
Bd7 28. Bb3 c5 29. dxc5 e5 30. Qd5+ Be6 31. Bxe5 Qa5 32. Qxb7 Bxe5 33. Rxe5
Rxd1+ 34. Bxd1 Qd2 35. Qf3 Qxb2 36. Qe3 Kf7 37. Bb3 Kf6 38. f4 h6 39. c6 g5 40.
c5 1-0

[Event "SR 1. liga zapad 2014/2015"]
[Site "?"]
[Date "2015.03.01"]
[Round "9.6"]
[White "Takacs, Laszlo"]
[Black "Kleman, Miroslav"]
[Result "1/2-1/2"]
[WhiteElo "2110"]
[BlackElo "2231"]
[PlyCount "22"]
[EventDate "2014.??.??"]

1. e4 e5 2. Nf3 Nc6 3. Bb5 a6 4. Ba4 d6 5. c3 Bd7 6. O-O Nge7 7. d4 Ng6 8. h3
Be7 9. Re1 O-O 10. Bc2 h6 11. Nbd2 Bg5 1/2-1/2

[Event "SR 1. liga zapad 2014/2015"]
[Site "?"]
[Date "2015.03.01"]
[Round "9.6"]
[White "Machata, Martin"]
[Black "Balogh, Peter"]
[Result "1-0"]
[WhiteElo "2224"]
[BlackElo "2028"]
[PlyCount "51"]
[EventDate "2014.??.??"]

1. d4 Nf6 2. Bg5 Ne4 3. Bf4 c5 4. d5 d6 5. f3 Nf6 6. e4 g6 7. Nc3 Bg7 8. Qd2 a6
9. a4 O-O 10. Bh6 Nbd7 11. h4 Re8 12. Bxg7 Kxg7 13. h5 Nxh5 14. g4 Nhf6 15.
Qh6+ Kg8 16. Nh3 Nf8 17. Be2 Qb6 18. O-O-O Qb4 19. Nf4 Kh8 20. Rh2 Ng8 21. Qh4
Kg7 22. Nh5+ gxh5 23. Qg5+ Kh8 24. gxh5 h6 25. Qg3 Nd7 26. Rg2 1-0

[Event "SR 1. liga zapad 2014/2015"]
[Site "?"]
[Date "2015.03.01"]
[Round "9.6"]
[White "Puobis, Jozef"]
[Black "Banas, Kamil"]
[Result "1/2-1/2"]
[WhiteElo "1856"]
[BlackElo "2213"]
[PlyCount "46"]
[EventDate "2014.??.??"]

1. d4 Nf6 2. Nf3 c5 3. d5 e6 4. c4 exd5 5. cxd5 d6 6. Nc3 g6 7. e4 Bg7 8. Bd3
O-O 9. O-O a6 10. a4 Bg4 11. h3 Bxf3 12. Qxf3 Nbd7 13. Bf4 Qe7 14. Rfe1 Ne5 15.
Qe3 Nfd7 16. a5 Rae8 17. Bg5 f6 18. Bh4 g5 19. Bg3 Nxd3 20. Qxd3 Ne5 21. Qc2
Qd7 22. Bxe5 fxe5 23. Ne2 g4 1/2-1/2

[Event "SR 1. liga zapad 2014/2015"]
[Site "?"]
[Date "2015.03.01"]
[Round "9.6"]
[White "Mydlarik, Martin"]
[Black "Bertalan, Balint"]
[Result "1-0"]
[WhiteElo "2138"]
[BlackElo "1834"]
[PlyCount "43"]
[EventDate "2014.??.??"]

1. c4 e5 2. Nc3 Nf6 3. g3 Nc6 4. Bg2 Bc5 5. e3 O-O 6. a3 a5 7. Nge2 Ne7 8. d4
exd4 9. exd4 Ba7 10. Bg5 Ng4 11. h3 Nxf2 12. Kxf2 f6 13. Bc1 Ng6 14. Bd5+ Kh8
15. Kg2 c6 16. Bf3 f5 17. Nf4 Nxf4+ 18. Bxf4 d6 19. Qd2 Qf6 20. d5 c5 21. Nb5
Bb8 22. Qc3 1-0

[Event "SR 1. liga zapad 2014/2015"]
[Site "?"]
[Date "2015.03.01"]
[Round "9.6"]
[White "Kosar, Mikulas"]
[Black "Horvath, Marek"]
[Result "1/2-1/2"]
[WhiteElo "1712"]
[BlackElo "1817"]
[PlyCount "37"]
[EventDate "2014.??.??"]

1. e4 e5 2. Nf3 Nf6 3. Nxe5 d6 4. Nf3 Nxe4 5. d4 d5 6. Bd3 Nc6 7. O-O Be7 8.
Re1 Bg4 9. c3 f5 10. Be2 O-O 11. h3 Bxf3 12. Bxf3 Kh8 13. Rf1 Qd6 14. Nd2 Rad8
15. Nxe4 fxe4 16. Bg4 Nb8 17. Be3 Nd7 18. Qd2 Qg6 19. Bf4 1/2-1/2